00412nam a2200157Ia 4500008004100000020001800041040001900059041001200078082002200090100001500112245004800127260002500175300001800200650002000218850001600238131103s9999 xx 000 0 und d a0 17 432011 6 aLoreto College aEnglish aF/POEbLCBED/6578 aPoe, E. A. aTales of mystery and imaginationcE. A. Poe aLondonbNelsonc1972 a96p. c 18cm. aEnglish fiction aLCBED/F/POE